000 00269nam a22001217a 4500
008 171025b xxu||||| |||| 00| 0 eng d
041 _aeng
080 _a311
100 _a55
101 _aSTA
245 _aSTATISTICAL QUALITY CONTROL
_cGRANT.E.L
942 _2udc
_cBK
999 _c35913
_d35913